000 00601nam a2200193 i 4500
001 43274
003 ES-MaACL
005 20250724074826.0
007 t|
008 030317s1858 fr ||||1| fre d
100 1 _aCatalan, Eugène,
_d1814-1894
_937021
245 1 0 _aThéorèmes et problèmes de géométrie élémentaire /
_cpar Eugène Catalan.
250 _a3eme ed. rev. et aug.
260 _aParis :
_bVictor Dalmont Hennuyer,
_c1858.
300 _aXLVI, 339 p., 15 lám. ;
_c21 cm.
650 0 7 _aGeometría
_2embne
_913096
852 _aES-MaACL
_jF-5041
999 _c43274
_d43274